| 000 | 00636nam a22002057a 4500 | ||
|---|---|---|---|
| 005 | 20231123071441.0 | ||
| 008 | 231123b |||||||| |||| 00| 0 eng d | ||
| 020 | _a9781904364986 (pbk) | ||
| 040 |
_aKMU _cKMU _dKMU _erda |
||
| 050 | _aRA 644.A25 | ||
| 100 | _aO'sullivan,Veena | ||
| 245 |
_aHIV and your Community: _bA facilitator's supplementary guide to Umoja/ _cVeena O'sullivan,Bill Crooks and Jackie Mouradian |
||
| 260 |
_aUnited Kingdom: _bTearfund, _c2011. |
||
| 300 |
_a46 P.: _bill.; _c19cm. |
||
| 650 |
_2oclc _aHIV |
||
| 650 |
_2OCLC _aCommunity |
||
| 700 | _aCrooks, Bill | ||
| 700 | _aMouradian,Jackie | ||
| 942 |
_2lcc _cBK _n0 |
||
| 999 |
_c864 _d864 |
||